000 00596nam a2200241Ia 4500
003 OSt
005 20221005130647.0
006 a|||||r|||| 00| 0
007 ta
008 221004b |||||||| |||| 00| 0 mal d
024 _a55815
037 _cTextual
040 _aCRL
_cCRL
_bmal
041 _2mal
_amal
082 _aO32,1NRP,1, J7
100 _aPillai Raman
_9629503
245 0 _aSahakaranjiali
260 _c1957
300 _a58
_ccm.
650 _aMALAYALAM POETRY
_9185636
942 _hO32,1NRP,1, J7
_cTEXL
_2cc
999 _c1057935
_d1057935